| 000 | 00615pam a2200205 a 4500 | ||
|---|---|---|---|
| 005 | 20131016073921.0 | ||
| 008 | 930628s1993 nyu b 001 0 eng | ||
| 020 | _a0671728296 : | ||
| 041 | 0 | _aeng | |
| 080 | _a32 | ||
| 100 | 1 |
_aPfaff, William, _d1928- |
|
| 245 | 1 | 4 |
_aThe wrath of nations : _cWilliam Pfaff. |
| 260 |
_aNew York : _bSimon & Schuster, _cc1993. |
||
| 300 |
_a256 p. ; _c24 cm. |
||
| 504 | _aIncludes bibliographical references (p. 239-246) and index. | ||
| 650 | 0 | _aNacionalizmi | |
| 650 | 0 | _aDhuna | |
| 650 | 0 | _aPolitika botërore | |
| 942 |
_2udc _cBK |
||
| 999 |
_c129 _d129 |
||